Quizzes
Events
Quiz Creation
Community
Videos
Private Events
Remove Ads
Sign In
Join for FREE
Feedback
Dark Mode
Quiz Categories
Sports
Geography
Music
Movies
Television
Just For Fun
Miscellaneous
History
Literature
Language
Science
Gaming
Entertainment
Religion
Holiday
For Kids
Quiz Lab
Recent
Popular Today
Quiz Kudos Today
Editor Picks
Curator Picks
Quizzes by...
Day
Popularity
Type
Ratings
Length
Year
Community
Subscriptions
Recent Discussions
Orange Saloon
Badges
Playlists
Quests
Create
Leaderboards
Showdown
Live 5
Trivia Bingo
Activity
Puzzle Library
Sporcle Events
Private Events
Virtual Trivia
Globe League
Become a Host
Pub Owners
SporcleCon
Opinionation
Our Games
Videos
Blog
Mobile Apps
Partnerships
Remove Ads and Go Orange
Feedback
Sports
Athletes
MLB
NBA
NHL
NFL
Soccer
Sports Teams
WWE
NCAA
Football
Premier League
Basketball
Baseball
Hockey
Golf
Tennis
Cricket
Rugby
Auto Racing
Olympics
World Cup
Sports
Athletes
MLB
NBA
NHL
NFL
Soccer
Sports Teams
WWE
NCAA
Football
Premier League
Basketball
Baseball
Hockey
Golf
Tennis
Cricket
Rugby
Auto Racing
Olympics
World Cup
Random Quiz
Search Sporcle
×
Quiz Lab
Quiz Lab
Sports
Football
Type in answers that appear in a list
Type in answers that appear in a list
Classic
Best Score? Go Orange.
Major Bowls Teams(1970s) Stats
Can you name the NCAA Football Teams That Played In A Major Bowl Game In The 1970s
By
JRNeymar
10m
98 Questions
578 Plays
578 Plays
578 Plays
Comments
Comments
Give Quiz Kudos
Give Quiz Kudos
-
- Ratings
hide this ad
Replay
Link that replays current quiz
Next Quiz
Link to next quiz in quiz playlist
You Got
0%
They Got
Avg Score
93%
Avg Friend Score
Upgrade to see
Score Distribution
Jump to the score distribution portion of the page
Score
0/98
Timer
10:00
0
Plays Today
Year
Team
% Correct
1971
Michigan
98.4%
1975
Michigan
98.4%
1976
Michigan
98.4%
1977
Michigan
98.4%
1978
Michigan
98.4%
1970
Texas
98.1%
1971
Texas
98.1%
1972
Texas
98.1%
1972
Southern California
98.1%
1973
Texas
98.1%
1973
Southern California
98.1%
1974
Southern California
98.1%
1976
Southern California
98.1%
1977
Texas
98.1%
1978
Southern California
98.1%
1979
Southern California
98.1%
1971
Oklahoma
97.8%
1972
Oklahoma
97.8%
1975
Oklahoma
97.8%
1976
Oklahoma
97.8%
1977
Oklahoma
97.8%
1978
Oklahoma
97.8%
1979
Oklahoma
97.8%
1970
Ohio State
97.2%
1972
Ohio State
97.2%
1973
Ohio State
97.2%
1974
Ohio State
97.2%
1975
Ohio State
97.2%
1975
UCLA
97.2%
1976
Ohio State
97.2%
1977
Ohio State
97.2%
1978
UCLA
97.2%
1979
Ohio State
97.2%
Year
Team
% Correct
1971
Alabama
96.7%
1972
Alabama
96.7%
1973
Alabama
96.7%
1974
Alabama
96.7%
1975
Alabama
96.7%
1977
Alabama
96.7%
1978
Alabama
96.7%
1979
Alabama
96.7%
1974
Florida
96.5%
1970
Notre Dame
96.4%
1972
Notre Dame
96.4%
1973
Notre Dame
96.4%
1974
Notre Dame
96.4%
1977
Notre Dame
96.4%
1978
Notre Dame
96.4%
1970
Nebraska
96%
1971
Pennslyvania State
96%
1971
Nebraska
96%
1972
Nebraska
96%
1973
Nebraska
96%
1974
Pennslyvania State
96%
1974
Nebraska
96%
1975
Nebraska
96%
1978
Nebraska
96%
1979
Nebraska
96%
1972
Pennsylvania State
95.8%
1973
Pennsylvania State
95.8%
1975
Pennsylvania State
95.8%
1977
Pennsylvania State
95.8%
1978
Pennsylvania State
95.8%
1975
Georgia
95%
1976
Georgia
95%
1977
Washington
94.8%
Year
Team
% Correct
1970
Louisiana State
94.6%
1973
Louisiana State
94.6%
1979
Arizona
93.8%
1970
Stanford
93.3%
1971
Stanford
93.3%
1971
Florida State
92.9%
1979
Florida State
92.9%
1971
Auburn
92.4%
1970
Tennessee
91.9%
1971
Arizona State
91.5%
1972
Arizona State
91.5%
1973
Arizona State
91.5%
1975
Arizona State
91.5%
1977
Arizona State
91.5%
1975
Arkansas
91%
1977
Arkansas
91%
1978
Arkansas
91%
1979
Arkansas
91%
1973
Pittsburgh
88.1%
1976
Pittsburgh
88.1%
1979
Pittsburgh
88.1%
1976
Colorado
87%
1974
Oklahoma State
80.3%
1974
Baylor
78.4%
1976
Houston
77.5%
1978
Houston
77.5%
1979
Houston
77.5%
1974
Brigham Young
77.3%
1972
Missouri
76.8%
1976
Maryland
74.7%
1970
Air Force
52.8%
1976
Wyoming
39.8%
Quiz Playlist
Details
Report
Send in Message
Add To Playlist
Classic:
Type in answers that appear in a list
Last Updated: Feb 16, 2017
Quiz Scoreboard
CHALLENGE
Sign Up to Join the Scoreboard
Show All
Scores
Hide
Comments
May contain spoilers
Recently Published
Billboard Blitz: Fleetwood Mac
by CooCooCachoo
Music
15s
Presidents Visiting Landmarks
by Hejman
History
7m
An Introduction to Baseball
by treessimontrees
Sports
5m
More to Explore
Quiz From the Vault
Featured Blog Post
Where Did the Easter Bunny Come From?
hide this ad
You Might Also Like...
Tags
Football Quiz
NCAA Quiz
1970s
Bowl
major
NCAA Football
team
Today's Top Quizzes in Sports
Browse Sports
hide this ad
Today's Top Quizzes in Football
Browse Football
Top Contributed Quizzes in Sports
1
Les meilleurs buteurs des matchs entre le PSG et l’OM
2
2022 World Cup Stars
3
FIFA Club World Cup Champions
4
Les entraîneurs de l'OM et du PSG au 21e siècle
5
Criteria MLB: Left Handed Sluggers
6
AFC Teams Reveal (Wrong Answers Minefield)
7
5-to-1: UK Sports Teams
8
Name the Premier League winners with different clubs
9
5-to-1: FBS Animal Nicknames
10
Players with Multiple 50 Home Run Seasons
Explore More
Trending Topics
Harry Potter
Crossword
Marvel
Disney
Kpop
Anime
NBA
NFL
Song
Country
Pokémon
WWE
The Office
Puzzle
Soccer
hide this ad
More By:
JRNeymar
Quiz
Plays
Rating
Category
Featured
Created
Major Bowls Teams(1970s)
578
4.63
Sports
Jan 22, 2016
Big 10 Logic Puzzle
523
3.00
Sports
Feb 10, 2016
Largest Cities in US Ecoregions
511
5.00
Geography
Aug 17, 2022
Major Bowl Teams(1960s)
342
3.33
Sports
Jan 23, 2016
3 Big Cities
328
5.00
Geography
Jan 19, 2015
Go to Creator's Profile
Score Distribution
Quiz Creator Spotlight
JRNeymar
Follow
Send a Message
Quizzes Created
-
Created Quiz Play Count
-
More By This Creator
Popular Quizzes Today
1
Find the US States - No Outlines Minefield
2
Find the Countries of Europe - No Outlines Minefield
3
The Countries of the World
4
Find the US States
5
Risky Map Clicking: Biggest States A-Z
6
US States
7
Popular People in 1961
8
Movies - When Are They Set?
More Sports Quizzes
A-Z NCAA Division 1 Logos
Curator's Pick
Trending Quizzes
Risky Map Clicking: Least Populous States A-Z
1-10 Letter G Words
1-10 Letter F Words
Risky Map Clicking: Next State Alphabetically
Risky Map Clicking: Biggest States A-Z
Recently Updated
Leaping Animals
pecheneg
Reality TV Shows (A-Z)
bhenderson79
Rickey Henderson's Hall of Fame Teammates
pecheneg
Champions League XIs: Arsenal
pecheneg
Quick Pick: Celebrities in WWE's Hall of Fame
aduchscher
A-Z Keypad Blitz II
pecheneg
Multiple Oscar Actors
pecheneg
Mystery Phrase Blitz: Oscar 'Best Actors'
pecheneg
F. Scott Fitzgerald Novels
LTH
Pick 3 Villains
ddd62291
Trending Topics
Anime
NBA
Harry Potter
Crossword
Disney
Marvel
Kpop
NFL
The Office
WWE
Song
Country
Pokémon
Puzzle
Soccer
Your Account Isn't Verified!
In order to create a playlist on Sporcle, you need to verify the email address you used during registration. Go to your
Sporcle Settings
to finish the process.
Report this User
Report this user for behavior that violates our
Community Guidelines
.
Details:
Send Report
Go to the Sporcle.com Mobile Site →
Comments